000 00653nam a22001817a 4500
999 _c183580
_d183580
005 20211229104052.0
010 _aENG-114150
020 _a978-93-88-689-410
_c599.00
035 _aEN-114150
037 _bDBAD
082 _a322.10954
100 _aJha, Dhirendra K.
245 _aAscetic Games:
_bSadhus, Akharas and the Making of the Hindu Vote/
_cDhirendra K. Jha
260 _aChennai
_bWestland Publications Private Limited
_c2019
270 _a1st Floor, A Block, East Wing, Plot No. 40, SP Infocity, Dr MGR Salai, Perungudi, Kandanchavadi
_bChennai
_e600096
300 _a218p
_c22cm(hbk)
942 _2ddc
_cEN
_h322.10954
_mJHA